Program vlády národného frontu prednesený predsedom vlády Viliamom Širokým 13.12.1954 v Národnom zhromaždení

Bibliographic Details
Main Author: Široký, Viliam, 1902-1971 (Author)
Format: Book
Language:Slovak
PhysicalDescription:31, [1] s. V. 8°
Published: Bratislava Štát. a evid. vyd. tlačív 1954
Subjects:

MARC

LEADER 00000nam a2200000 a 4500
001 vtls001466664
003 SK-MaSNL
005 20260301203510.0
008 240314s1954 xo 0 slo
015 |a SNBA19451955-012068 
035 |a SNK000421969 
040 |a SNK  |b slo  |c SNK  |e AACR2 
041 1 |a slo 
044 |a xo  |c SK 
080 |a 328.1  |2 1981 
100 1 |a Široký, Viliam,  |d 1902-1971  |4 aut  |9 113477 
245 1 0 |a Program vlády národného frontu  |b prednesený predsedom vlády Viliamom Širokým 13.12.1954 v Národnom zhromaždení 
260 |a Bratislava  |b Štát. a evid. vyd. tlačív  |c 1954  |e Bratislava  |f Knižné závody 
300 |a 31, [1] s.  |c V. 8° 
500 |a 20.000 výtlač. 
610 1 7 |a Československo.  |b Vláda  |y 1955  |2 SNK  |9 587066 
852 |a Slovenská národná knižnica  |b 10000  |h SD 9560 
958 |a OND 
999 |c 902841  |d 904771 
952 |a SNK  |b SNK  |y PREZ  |7 0  |p 17A0407244  |o snkSD 9559  |i snk354/55  |0 0  |1 0  |4 0  |d 2004-01-20  |l 0  |r 2025-11-24 00:00:00  |w 2026-02-24 
952 |a SNK  |b SNK  |y VYP  |7 0  |p 17A1075056  |o snkSD 9559 D1  |i snkI. 2681/55  |0 0  |1 0  |4 0  |d 2015-03-16  |l 0  |r 2026-02-24 07:18:52  |w 2026-02-24